000 00891nam a2200229Ia 4500
003 IN-BaIIA
008 211028s9999 xx 000 0 eng d
020 _a90-277-0435-X
040 _cIIA Library
080 _a082.2:52
_bIAU-S64
110 _aInternational Astronomical Union
111 _aInternational Astronomical Union Symposium
_n64th
_cWarshaw, Poland
_d1973 Sept. 5-8
_97881
245 0 _aGravitational radiation and gravitational collapse
_bproceedings of the IAU symposium No.64 held in Warshaw, Poland, September 5-8, 1973,
_cedited by Cecile Dewitt-Morette
260 _aDordrecht
_bD. Reidel Publishing
_c1974
300 _axvi, 223p.
490 _aIAU Symposium; no. 64
650 _aAstronomy and Astrophysics Thesaurus
650 _aGravitational collapse
_94482
650 _aGravitational radiation
_97882
700 _aDewitt-Morette, Cecile., ed.
_97883
942 _cBK
999 _c4501
_d4501